| 000 | 01474nam a22001457a 4500 | ||
|---|---|---|---|
| 999 |
_c526736 _d526736 |
||
| 008 | 240621b ||||| |||| 00| 0 eng d | ||
| 100 |
_aWaza, Farooq Ahmad and Chathukulam, Jos _954335 |
||
| 245 | _aJammu and Kashmir on the path of empowering grassroots democracy | ||
| 260 | _aIndian Journal of Public Administration | ||
| 300 | _a70(2), Jun, 2024: p.386-397 | ||
| 520 | _aThe de-operationalisation of Article 370 has given a new lease of life to grassroots democracy in the erstwhile State of Jammu and Kashmir. The Union government has made it clear that the main priority is to strengthen grassroots democracy there. At present, the erstwhile State which was once battered by militancy, insurgency as well economic and political instability has embarked on the path of democracy. Though there have been criticisms that the eagerness and interest taken by the Union government to foster local democracy in Kashmir is an attempt to whitewash the absence of democratically elected State government, the recent developments in the erstwhile State including the completion of delimitation exercise at a quick pace to form democratically elected governments in the union territories of Jammu and Kashmir implies that there is some hope at end of the tunnel.- Reproduced https://journals.sagepub.com/doi/full/10.1177/00195561231221813 | ||
| 773 | _aIndian Journal of Public Administration | ||
| 906 | _aPOLITICS AND GOVERNMENT - JAMMU AND KASHMIR | ||
| 942 | _cAR | ||